[Event "Toronto NAYCC U16 Girls"]
[Site "Toronto"]
[Date "2013.08.17"]
[Round "6"]
[White "Roque Sola, Gisela"]
[Black "Sametova, Zhanna"]
[Result "1-0"]
[WhiteElo "1794"]
[BlackElo "1821"]
[PlyCount "135"]
[EventDate "2013.08.14"]
[EventType "swiss"]
[EventRounds "9"]
[EventCountry "CAN"]
[SourceTitle "EXT 2022"]
[Source "ChessBase"]
[SourceDate "2021.10.06"]
[SourceVersion "1"]
[SourceVersionDate "2021.10.06"]
[SourceQuality "1"]

1. c4 c5 2. Nc3 Nf6 3. Nf3 g6 4. g3 Bg7 5. Bg2 d6 6. d3 Nc6 7. Rb1 Be6 8. 0-0 Rb8 9. a3 d5 10. Ng5 0-0 11. Nxe6 fxe6 12. Bh3 Qd6 13. Nb5 Qd7 14. cxd5 Nxd5 15. e4 Nf6 16. Qb3 Kh8 17. Bxe6 Na5 18. Bxd7 Nxb3 19. Be6 Nxc1 20. Rbxc1 Rfd8 21. Rfd1 a6 22. Nc3 Rd6 23. Bh3 e5 24. Na4 b6 25. b4 cxb4 26. axb4 Rd4 27. Rb1 Bf8 28. Nc3 Bxb4 29. Ne2 Bc5 30. Nxd4 Bxd4 31. Rdc1 Rf8 32. Rc4 Bc5 33. Ra1 Ne8 34. Rxc5 bxc5 35. Rxa6 Nc7 36. Rc6 Nb5 37. Rxc5 Nd4 38. Kg2 Nf3 39. Rd5 h5 40. Bd7 g5 41. Ba4 h4 42. Bd1 hxg3 43. hxg3 g4 44. Bxf3 gxf3+ 45. Kh3 Re8 46. Kg4 Kg7 47. Kxf3 Kf6 48. Ke3 Ke6 49. f4 exf4+ 50. gxf4 Rh8 51. f5+ Kf6 52. Rd6+ Ke7 53. Re6+ Kd7 54. d4 Rh4 55. e5 Rg4 56. Rd6+ Ke7 57. f6+ Kf7 58. Kd3 Rf4 59. Kc4 Re4 60. Kd5 Re1 61. Rd7+ Ke8 62. Ke6 Rf1 63. f7+ Kf8 64. Rd8+ Kg7 65. Rg8+ Kh7 66. f8Q Rg1 67. Rh8+ Kg6 68. Qg8# 1-0

[Event "Toronto NAYCC U16 Girls"]
[Site "Toronto"]
[Date "2013.08.15"]
[Round "3"]
[White "Shao, Stephanie"]
[Black "Sametova, Zhanna"]
[Result "1-0"]
[WhiteElo "1871"]
[BlackElo "1821"]
[PlyCount "67"]
[EventDate "2013.08.14"]
[EventType "swiss"]
[EventRounds "9"]
[EventCountry "CAN"]
[SourceTitle "EXT 2022"]
[Source "ChessBase"]
[SourceDate "2021.10.06"]
[SourceVersion "1"]
[SourceVersionDate "2021.10.06"]
[SourceQuality "1"]

1. e4 c5 2. Nc3 Nc6 3. f4 d6 4. Bb5 Bd7 5. Nf3 Nf6 6. d3 g6 7. 0-0 Bg7 8. Bxc6 Bxc6 9. Qe1 0-0 10. Qh4 c4 11. f5 Qb6+ 12. Kh1 cxd3 13. cxd3 Qa6 14. Bh6 Bxh6 15. Qxh6 Ng4 16. Qg5 Nf6 17. Qh6 Ng4 18. Qh4 Ne3 19. Qh6 Ng4 20. Qg5 Nf6 21. Rad1 Kg7 22. Qh4 h5 23. Qg5 Ng4 24. h3 Ne5 25. Nxe5 dxe5 26. fxg6 f6 27. Qxh5 Rh8 28. Qg4 Qb6 29. Qe6 Kxg6 30. Qxe7 Raf8 31. Rf3 Qxb2 32. Rg3+ Kh5 33. Rf1 Rhg8 34. Qh7# 1-0

[Event "Canadian op 48th U2000"]
[Site "Toronto"]
[Date "2011.07.16"]
[Round "8"]
[White "Sametova, Zhanna"]
[Black "Fletcher, David"]
[Result "1-0"]
[WhiteElo "1647"]
[BlackElo "1449"]
[PlyCount "87"]
[EventDate "2011.07.09"]
[EventType "swiss"]
[EventRounds "9"]
[EventCountry "CAN"]
[SourceTitle "EXT 2022"]
[Source "ChessBase"]
[SourceDate "2021.10.06"]
[SourceVersion "1"]
[SourceVersionDate "2021.10.06"]
[SourceQuality "1"]

1. e4 c5 2. Nf3 d6 3. d4 cxd4 4. Nxd4 Nc6 5. Nc3 Nxd4 6. Qxd4 e5 7. Qd1 Nf6 8. Bg5 Be7 9. Bxf6 Bxf6 10. Bb5+ Bd7 11. Qd2 Bxb5 12. Nxb5 Be7 13. Rd1 0-0 14. 0-0 Qb6 15. c4 Rfd8 16. Nc3 Qa5 17. Qe2 Rd7 18. Rd5 Qd8 19. Rfd1 Bf8 20. Qd3 Qf6 21. Nb5 a6 22. Nxd6 Bxd6 23. Rxd6 Rxd6 24. Qxd6 Qxd6 25. Rxd6 Kf8 26. f3 Ke7 27. Rd5 f6 28. Kf2 b6 29. g3 Rc8 30. b3 Ke6 31. Ke3 g6 32. f4 h5 33. h4 Re8 34. Kf3 f5 35. Rxe5+ Kf7 36. Rxe8 Kxe8 37. exf5 gxf5 38. Ke3 Kd7 39. Kd4 Kd6 40. b4 a5 41. bxa5 bxa5 42. a4 Ke6 43. c5 Kd7 44. Kd5 1-0

[Event "Canadian op 48th U2000"]
[Site "Toronto"]
[Date "2011.07.10"]
[Round "2"]
[White "Moran Venegas, Mario"]
[Black "Sametova, Zhanna"]
[Result "1-0"]
[WhiteElo "1864"]
[BlackElo "1647"]
[PlyCount "68"]
[EventDate "2011.07.09"]
[EventType "swiss"]
[EventRounds "9"]
[EventCountry "CAN"]
[SourceTitle "EXT 2022"]
[Source "ChessBase"]
[SourceDate "2021.10.06"]
[SourceVersion "1"]
[SourceVersionDate "2021.10.06"]
[SourceQuality "1"]

1. e4 c5 2. Nf3 Nc6 3. d4 cxd4 4. Nxd4 g6 5. Be3 Bg7 6. Be2 d6 7. 0-0 Nf6 8. Nc3 0-0 9. Qd2 Bd7 10. f4 Nxd4 11. Bxd4 Bc6 12. Bf3 e5 13. Be3 Qc7 14. Kh1 Rfd8 15. fxe5 dxe5 16. Qf2 b6 17. g4 Qb7 18. Qg2 Ne8 19. Rad1 Nc7 20. Be2 b5 21. Bd3 Ne6 22. h4 Rd7 23. g5 Rad8 24. Rd2 a6 25. Nd1 Bh8 26. Nf2 Bg7 27. Ng4 Nd4 28. Nf6+ Bxf6 29. gxf6 Ne6 30. h5 Rc7 31. Qg4 Rcd7 32. hxg6 hxg6 33. Rh2 g5 34. Bxg5 Rxd3 1-0

[Event "Toronto-ch (Women)"]
[Site "Toronto"]
[Date "2010.11.02"]
[Round "1"]
[White "Sametova, Zhanna"]
[Black "Orlova, Yelizaveta"]
[Result "1/2-1/2"]
[WhiteElo "1523"]
[BlackElo "2045"]
[PlyCount "63"]
[EventDate "2010.11.15"]
[EventType "tourn"]
[EventRounds "5"]
[EventCountry "CAN"]
[SourceTitle "EXT 2022"]
[Source "ChessBase"]
[SourceDate "2021.10.06"]
[SourceVersion "1"]
[SourceVersionDate "2021.10.06"]
[SourceQuality "1"]

1. e4 c5 2. Nf3 Nc6 3. d4 cxd4 4. Nxd4 Qb6 5. Nxc6 bxc6 6. Bd3 g6 7. c4 Bg7 8. Nc3 d6 9. Qc2 Nf6 10. Be3 Qc7 11. f3 Be6 12. 0-0-0 Rb8 13. Kb1 Nd7 14. f4 Qa5 15. Bd2 Nc5 16. Be2 f5 17. Nd5 Qd8 18. Bc3 Bxc3 19. Nxc3 Nxe4 20. Bf3 Nxc3+ 21. Qxc3 Kd7 22. Rhe1 Re8 23. Bxc6+ Kxc6 24. Rxe6 Qb6 25. Re2 Qb4 26. Qf3+ Kc7 27. Qf2 Qb6 28. c5 dxc5 29. Qe1 e6 30. Rc2 Kb7 31. Qe5 Rbd8 32. Rdc1 1/2-1/2

[Event "North American-ch U12 Girls"]
[Site "Montreal"]
[Date "2010.08.16"]
[Round "1"]
[White "Herrera Ibarrola, Maria Fernanda"]
[Black "Sametova, Zhanna"]
[Result "0-1"]
[WhiteElo "1047"]
[BlackElo "1255"]
[PlyCount "78"]
[EventDate "2010.08.16"]
[EventType "swiss"]
[EventRounds "7"]
[EventCountry "CAN"]
[SourceTitle "EXT 2013"]
[Source "ChessBase"]
[SourceDate "2012.11.22"]
[SourceVersion "1"]
[SourceVersionDate "2012.11.22"]
[SourceQuality "1"]

1. Nf3 c5 2. g3 Nc6 3. Bg2 g6 4. 0-0 Bg7 5. c4 Nf6 6. Nc3 0-0 7. d3 d6 8. a3 Be6 9. Rb1 d5 10. b4 cxb4 11. axb4 dxc4 12. d4 Nd5 13. Na2 Bf5 14. Rb2 Nb6 15. Be3 Nd5 16. b5 c3 17. Nxc3 Nxc3 18. Qe1 Nxd4 19. Nxd4 Bxd4 20. Rd2 e5 21. Kh1 Qb6 22. g4 Be4 23. Rg1 Bxe3 24. fxe3 Qxe3 25. Bxe4 Nxe4 26. Rd3 Nf2+ 27. Kg2 Nxd3 28. exd3 Qxe1 29. Rxe1 Rfe8 30. Kf3 f5 31. gxf5 gxf5 32. Kg3 Kf7 33. Kh4 Kf6 34. Kh5 Rad8 35. Re3 e4 36. dxe4 Rxe4 37. Ra3 Rdd4 38. Rh3 h6 39. b6 axb6 0-1

[Event "CAN-ch U12 Girls"]
[Site "Windsor"]
[Date "2010.07.09"]
[Round "7"]
[White "Giblon, Melissa"]
[Black "Sametova, Zhanna"]
[Result "0-1"]
[WhiteElo "1344"]
[BlackElo "1428"]
[PlyCount "104"]
[EventDate "2010.07.06"]
[EventType "tourn"]
[EventRounds "7"]
[EventCountry "CAN"]
[SourceTitle "EXT 2012"]
[Source "ChessBase"]
[SourceDate "2011.11.24"]
[SourceVersion "1"]
[SourceVersionDate "2011.11.24"]
[SourceQuality "1"]

1. e4 c5 2. Nf3 Nc6 3. d4 cxd4 4. Nxd4 Nf6 5. Nc3 d6 6. Be3 g6 7. f3 Bg7 8. Qd2 0-0 9. 0-0-0 Bd7 10. g4 Ne8 11. h4 Nxd4 12. Bxd4 Bxd4 13. Qxd4 Ng7 14. h5 Ne6 15. Qd2 Qa5 16. Qh2 g5 17. e5 Nf4 18. exd6 exd6 19. Rxd6 Bc6 20. Be2 Qe5 21. Rd2 Qe3 22. Rf1 Rad8 23. Bd1 Rfe8 24. Qf2 Rxd2 25. Qxd2 Qxd2+ 26. Kxd2 Rd8+ 27. Kc1 Ng2 28. Ne4 Ne3 29. Re1 Rxd1+ 30. Rxd1 Nxd1 31. Kxd1 Bxe4 32. fxe4 f6 33. Kd2 Kf7 34. Kd3 Ke6 35. Kd4 Kd6 36. c4 b6 37. b4 Ke6 38. a4 a6 39. a5 bxa5 40. c5 axb4 41. Kc4 b3 42. Kxb3 Kd7 43. Kb4 Kc6 44. Kc4 a5 45. h6 a4 46. Kb4 a3 47. Kxa3 Kxc5 48. Kb3 Kd4 49. e5 fxe5 50. Kc2 Ke3 51. Kd1 Kf2 52. Kc2 e4 0-1

[Event "CAN-ch U12 Girls"]
[Site "Windsor"]
[Date "2010.07.08"]
[Round "6"]
[White "Sametova, Zhanna"]
[Black "Bacic, Joyce"]
[Result "1-0"]
[WhiteElo "1428"]
[BlackElo "821"]
[PlyCount "71"]
[EventDate "2010.07.06"]
[EventType "tourn"]
[EventRounds "7"]
[EventCountry "CAN"]
[SourceTitle "EXT 2012"]
[Source "ChessBase"]
[SourceDate "2011.11.24"]
[SourceVersion "1"]
[SourceVersionDate "2011.11.24"]
[SourceQuality "1"]

1. e4 e5 2. Nf3 d5 3. exd5 Nf6 4. d4 Nxd5 5. dxe5 Nc6 6. Bb5 Bd7 7. Qxd5 Bb4+ 8. Bd2 Be6 9. Bxc6+ bxc6 10. Qxd8+ Rxd8 11. Bxb4 Rd5 12. Nc3 Rd8 13. 0-0 f5 14. exf6 gxf6 15. Rfe1 Kf7 16. Rad1 Rde8 17. Nd4 Bg4 18. f3 c5 19. Bxc5 Bc8 20. Nc6 Bb7 21. Nxa7 Re5 22. Rxe5 fxe5 23. Rd7+ Ke6 24. Rxc7 Rb8 25. b4 e4 26. Nxe4 h6 27. Be7 Bd5 28. c4 Rb7 29. cxd5+ Kxd5 30. Rxb7 Kd4 31. Kf2 h5 32. b5 Kc4 33. Rc7+ Kd4 34. b6 h4 35. Nb5+ Kd3 36. Rc3# 1-0

[Event "CAN-ch U12 Girls"]
[Site "Victoria"]
[Date "2009.07.23"]
[Round "7"]
[White "Peng, Jackie"]
[Black "Sametova, Zhanna"]
[Result "1-0"]
[WhiteElo "1530"]
[BlackElo "1145"]
[PlyCount "99"]
[EventDate "2009.07.21"]
[EventType "swiss"]
[EventRounds "7"]
[EventCountry "CAN"]
[SourceTitle "EXT 2011"]
[Source "ChessBase"]
[SourceDate "2010.11.26"]
[SourceVersion "1"]
[SourceVersionDate "2010.11.26"]
[SourceQuality "1"]

1. e4 c5 2. Nf3 Nc6 3. d4 cxd4 4. Nxd4 Nf6 5. Nc3 d6 6. Be3 e6 7. Be2 g6 8. Qd2 a6 9. f3 Bg7 10. 0-0-0 d5 11. exd5 Nxd5 12. Nxd5 exd5 13. Nb3 Qf6 14. c3 Be6 15. Rhe1 Bf5 16. Bg5 Nb4 17. Bd3+ Kf8 18. Bxf6 Nxd3+ 19. Qxd3 Bxd3 20. Bxg7+ Kxg7 21. Rxd3 Rhd8 22. Red1 Kf6 23. Rxd5 Rxd5 24. Rxd5 Ke6 25. Rd1 b6 26. Nd4+ Kd5 27. Re1 Ra7 28. Kd2 Kd6 29. b3 Kc5 30. Kd3 a5 31. a3 Rd7 32. b4+ axb4 33. axb4+ Kd6 34. c4 Kc7 35. c5 bxc5 36. bxc5 Kd8 37. Kc4 Kc7 38. Rb1 Kc8 39. c6 Rc7 40. Kc5 Kd8 41. Rb8+ Ke7 42. Rb7 Kd8 43. Rxc7 Kxc7 44. Nb5+ Kc8 45. Kd6 Kd8 46. c7+ Kc8 47. Na7+ Kb7 48. c8Q+ Kxa7 49. Kc6 f5 50. Qb7# 1-0

[Event "CAN-ch U12 Girls"]
[Site "Victoria"]
[Date "2009.07.21"]
[Round "2"]
[White "Foote, Joanne"]
[Black "Sametova, Zhanna"]
[Result "0-1"]
[WhiteElo "1345"]
[BlackElo "1145"]
[PlyCount "92"]
[EventDate "2009.07.21"]
[EventType "swiss"]
[EventRounds "7"]
[EventCountry "CAN"]
[SourceTitle "EXT 2011"]
[Source "ChessBase"]
[SourceDate "2010.11.26"]
[SourceVersion "1"]
[SourceVersionDate "2010.11.26"]
[SourceQuality "1"]

1. e4 c5 2. c3 Nc6 3. d4 cxd4 4. cxd4 e6 5. Nf3 Nf6 6. Bd3 d5 7. e5 Ne4 8. 0-0 Qb6 9. b3 Bb4 10. Be3 h6 11. Qc2 Bc3 12. Nxc3 Nb4 13. Na4 Qa5 14. Qe2 Bd7 15. Nd2 Nxd3 16. Qxd3 Bb5 17. Nc4 dxc4 18. Qxe4 cxb3 19. Qxb7 0-0 20. Nb2 Bxf1 21. Kxf1 Rab8 22. Qe4 bxa2 23. Qc2 Qb5+ 24. Ke1 Qxb2 25. Rxa2 Qb1+ 26. Qxb1 Rxb1+ 27. Kd2 Ra8 28. Kc2 Rb7 29. f4 a5 30. g4 a4 31. f5 Rc8+ 32. Kd2 Ra7 33. d5 Ra6 34. d6 a3 35. Kd1 Rb8 36. Bc1 Rba8 37. Kc2 Rc8+ 38. Kd1 exf5 39. gxf5 f6 40. d7 Rd8 41. e6 g6 42. Ke2 gxf5 43. e7 Re6+ 44. Kf1 Rxe7 45. Bxh6 Rexd7 46. Rg2+ Kf7 0-1